Odvážná

Saved in:
Bibliographic Details
Main Author Lauren, Roberts
Format Electronic eBook
LanguageCzech
Published Yoli 2025
Edition1. elektronické vydání
Subjects
Online AccessDostupné v BOOKPORT po přihlášení pomocí eduID
ISBN978-80-284-0434-5
978-80-284-0433-8
Physical Description1 online zdroj (232 stran)

Cover

LEADER 00000nam a2200000 i 4500
001 bkp600792273
003 CZ-prgp
005 20260505113751.0
006 m o d
007 cr cn
008 260505s2025 xr o 000 1 cze
020 |a 978-80-284-0434-5  |c 279 Kč  |q (online ; epub) 
020 |a 978-80-284-0433-8  |c 279 Kč  |q (print) 
040 |a Grada  |b cze  |e rda 
100 1 |a Lauren, Roberts 
245 1 0 |a Odvážná  |c Roberts Lauren 
250 |a 1. elektronické vydání 
264 1 |b Yoli  |c 2025 
300 |a 1 online zdroj (232 stran) 
336 |a text  |b txt  |2 rdacontent 
337 |a počítač  |b c  |2 rdamedia 
338 |a online zdroj  |b cr  |2 rdacarrier 
520 3 |a Mírnou Adenu a bojovnou Paedyn svedl osud dohromady už v dětství a od té doby jsou nerozlučné. Vždycky si kryly záda a chránily svůj domov ve slumech Kořistné. Teď ale Paedyn - která patří k Obyčejným - vybrali do Očistných zkoušek, což pro ni znamená téměř jistou smrt. Adena zůstala v Kořistné sama a musí se naučit bránit. Po neúspěšném pokusu o krádež ji zachrání neznámý muž z trhu. Makova záhadná minulost a utajovaná moc ho odlišují od ostatních nižších Elit. Společně utvoří tým, aby mohli své milované vidět před Zkouškami, a jejich životu nebezpečná mise prověří sílu jejich loajálnosti i lásky. 
650 0 4 |a Young Adult, New Adult 
650 0 4 |a Beletrie pro děti 
856 4 0 |u https://www.bookport.cz/AccountSaml/SignIn/?idp=https://shibboleth.utb.cz/idp/shibboleth&returnUrl=/kniha/odvazna-16035/  |y Dostupné v BOOKPORT po přihlášení pomocí eduID